| 000 | 01450nam a2200265Ia 4500 | ||
|---|---|---|---|
| 999 |
_c52149 _d52149 |
||
| 001 | 19156 | ||
| 003 | GE_BSU | ||
| 005 | 20220920144045.0 | ||
| 008 | 181216s2008||||ge |||||||||||||| ||geo|| | ||
| 040 | _cGE_BSU | ||
| 041 | _ageo | ||
| 080 | _a81 ჭ-97 | ||
| 100 |
_aჭყონია, ცირა _910553 |
||
| 245 |
_aფრაზული ზმნების პრაგმატული ანალიზი: დისერტაცია / _cცირა ჭყონია; სამეცნიერო ხელმძღვანელი ნ. ნემსაძე; ბათუმის შოთა რუსთაველის სახელმწიფო უნივერსიტეტი. |
||
| 264 |
_aბათუმი, _b _c2008. |
||
| 300 |
_a132 გვ. ; _b30 სმ. |
||
| 504 | _aბიბლიოგრ.: გვ. 118-121 | ||
| 653 | _aდისერტაცია | ||
| 653 | _aენათმეცნიერება | ||
| 653 | _aფრაზული ზმნების პრაგმატული ანალიზი. | ||
| 653 | _aზმნა ინგლისურ ენაში | ||
| 700 |
_aნემსაძე, ნ. _eსამეცნიერო ხელმძღვანელი _910554 |
||
| 710 |
_aბათუმის შოთა რუსთაველის სახელმწიფო უნივერსიტეტი _910555 |
||
| 942 |
_cBK _2udc |
||